=LDR 00000nam 2200000 4500 =001 INLIS000000000038020 =005 20130612143721 =008 ***********************************Ind** =035 ##$$0010-061300000038020 =041 ##$$a Ind =082 ##$$a 813 =090 ##$$a 813 , Bur a =100 ##$$a Burton, Mary =245 ##$$a Aku mengawasimu =260 ##$$a 2010 $b Jakarta =300 ##$$a 495 , 18 bm =850 ##$$a NBPNMAT